Taylor Swift US No.1 Hits in chronological order - Statistics

General Stats
  • This quiz has been taken 96 times
    7 since last reset
  • The average score is 11 of 14
Answer Stats
Album Year reaching No.1 Song Title % Correct
The Life Of A Showgirl 2026 Opalite
100%
The Life Of A Showgirl 2025 The Fate Of Ophelia
100%
Red (Taylor's Version) 2021 All Too Well (10 Minute Version) (Taylor's Version) (From The Vault)
80%
Midnights 2022 Anti-Hero
80%
1989 (Remix) 2015 Bad Blood (feat. Kendrick Lamar)
80%
1989 2014 Blank Space
80%
Folklore 2020 cardigan
80%
Lover 2023 Cruel Summer
80%
Reputation 2017 Look What You Made Me Do
80%
1989 2014 Shake It Off
80%
Red 2012 We Are Never Ever Getting Back Together
80%
Evermore 2020 willow
80%
The Tortured Poets Department 2024 Fortnight (feat. Post Malone)
60%
1989 (Taylor's Version) 2023 Is It Over Now? (Taylor's Version) (From The Vault)
60%
No matching quizzes found
Score Distribution
Percent of People with Each Score
Percentile by Number Answered
Your Score History
You have not taken this quiz since the last reset